| Tag |
First Indicator |
Second Indicator |
Subfields |
| LEADER |
00000cam a22000001i 4500 |
| 001 |
in00003779521 |
| 005 |
20190409171134.0 |
| 006 |
m |o d | |
| 007 |
cr |n||||||||| |
| 008 |
160523s2016 enk ob 001 0 eng d |
| 020 |
|
|
|a 9781317517115 (electronic bk.)
|
| 020 |
|
|
|a 1317517113 (electronic bk.)
|
| 020 |
|
|
|z 9781138856226
|
| 020 |
|
|
|z 1138856223
|
| 020 |
|
|
|z 9781138856233
|
| 020 |
|
|
|z 1138856231
|
| 024 |
8 |
|
|a 40026018051
|
| 035 |
|
|
|a (NhCcYBP)EBSCO1233820
|
| 040 |
|
|
|a NhCcYBP
|c NhCcYBP
|d UtOrBLW
|
| 050 |
|
4 |
|a P120.L34
|b K623 2016
|
| 082 |
0 |
4 |
|a 410.71/2
|2 23
|
| 245 |
0 |
0 |
|a Knowing about language :
|b linguistics and the secondary English classroom /
|c edited by Marcello Giovanelli and Dan Clayton.
|
| 264 |
|
1 |
|a Milton Park, Abingdon, Oxon ;
|a New York, NY :
|b Routledge,
|c 2016.
|
| 300 |
|
|
|a 1 online resource.
|
| 336 |
|
|
|a text
|b txt
|2 rdacontent
|
| 337 |
|
|
|a computer
|b c
|2 rdamedia
|
| 338 |
|
|
|a online resource
|b cr
|2 rdacarrier
|
| 490 |
0 |
|
|a NATE series
|
| 504 |
|
|
|a Includes bibliographical references and index.
|
| 588 |
|
|
|a Description based on print version record.
|
| 500 |
|
|
|a Electronic resource.
|
| 650 |
|
0 |
|a Language awareness.
|0 http://id.loc.gov/authorities/subjects/sh85074555
|
| 650 |
|
0 |
|a Second language acquisition.
|0 http://id.loc.gov/authorities/subjects/sh86005959
|
| 650 |
|
0 |
|a Applied linguistics
|x Study and teaching (Secondary)
|
| 650 |
|
0 |
|a Language acquisition
|x Age factors.
|0 http://id.loc.gov/authorities/subjects/sh85074512
|
| 650 |
|
0 |
|a Language acquisition
|x Research
|x Methodology.
|
| 650 |
|
0 |
|a Language teachers
|x Training of.
|0 http://id.loc.gov/authorities/subjects/sh2009128821
|
| 650 |
|
0 |
|a Language and education.
|0 http://id.loc.gov/authorities/subjects/sh85074515
|
| 655 |
|
7 |
|a Electronic books.
|2 local
|
| 700 |
1 |
|
|a Giovanelli, Marcello,
|e editor.
|0 http://id.loc.gov/authorities/names/n2013015252
|
| 700 |
1 |
|
|a Clayton, Dan,
|e editor.
|0 http://id.loc.gov/authorities/names/nb2014016817
|
| 710 |
2 |
|
|a EBSCOhost.
|
| 776 |
1 |
8 |
|c Original
|z 9781138856226
|z 1138856223
|z 9781138856233
|z 1138856231
|w (DLC) 2015045916
|
| 856 |
4 |
0 |
|u http://proxy.library.tamu.edu/login?url=http://search.ebscohost.com/login.aspx?direct=true&scope=site&db=nlebk&db=nlabk&AN=1233820
|z Connect to the full text of this electronic book
|t 0
|
| 955 |
|
|
|a YBP purchased approval e-records
|
| 980 |
|
|
|b 200.00
|g 1
|
| 987 |
|
|
|a ybp12979320
|
| 999 |
f |
f |
|s c5ee24b2-6d84-3d5b-a09f-3b88b20bc6fe
|i 24194117-a466-3773-a099-882a94ac96ae
|t 0
|
| 952 |
f |
f |
|a Texas A&M University
|b College Station
|c Electronic Resources
|d Available Online
|t 0
|e P120.L34 K623 2016
|h Library of Congress classification
|
| 998 |
f |
f |
|a P120.L34 K623 2016
|t 0
|l Available Online
|